000
00319nam a2200133Ia 4500
008
230818s2005 xx 000 0 und d
041
_a
eng
100
_a
Todiwala
245
_a
International Cuisine India
260
_b
Hodder Arnold
_c
2005
300
_a
279p
520
_a
Reference Copy
999
_c
852689
_d
852689
650
_a
Food Production